00834nam a2200241Ia 4500003000900000008004100009040001300050040001300063041000800076100002200084100000900106245014100115250002000256260003800276260000900314300001100323300001000334490003100344490000700375942000700382999001700389952018600406IT-RoPAU120407s9999 xx 000 0 und d aIT-RoPAU cIT-RoPAU aita aTarcisio Stramare ccur. aLa Bibbia “Vulgata” dalle origini ai nostri giorni. Atti del Simposio internazionale in onore di Sisto V. Grottamare, 29-31/08/1985 aRoma - Vaticano aAbbazzia S. Girolamo Ed. Vaticana c1987 a197 p. c26 cm aCollettanea Biblica Latina v16 cBK c28176d28176 00102ddc406220_100000000000000_4171aPAULUSbPAULUSd2012-04-11l0o220.1.41r2012-04-11 00:00:00w2012-04-11yBKzInserito da: In data: n.d. fondo: Via A.Severo 56 Progr:18217